| 000 | 00556nam a2200181 a 4500 | ||
|---|---|---|---|
| 020 | _a0030112834 | ||
| 082 | 0 | 0 |
_a515.72 _bCOU _cD |
| 100 | 1 |
_aCoughlin, Raymond F. _939219 |
|
| 245 | 1 | 0 |
_aCalculus with applications / _cRaymond F. Coughlin, David E. Zitarelli. |
| 260 |
_aPhiladelphia : _bSaunders College Pub., _cc1989. |
||
| 300 |
_axvii, 548, 49, 4 p. ; _c25 cm. |
||
| 500 | _aIncludes indexes. | ||
| 526 |
_a0 _b0 _c0 _d515_720000000000000_COU |
||
| 650 | 0 | _aCalculus. | |
| 650 | 0 |
_aMCE _9379 |
|
| 700 | 1 |
_aZitarelli, David E. _939218 |
|
| 942 |
_2ddc _cBK |
||
| 999 |
_c543865 _d543865 |
||